[Event "Moniek_Janssen's Schweizer System"]
[Site "T#646157Emanuel Laske"]
[Date "2020.05.18"]
[Round "8"]
[White "Toosieslide"]
[Black "Little champs"]
[Result "1-0"]
[WhiteElo "2162"]
[BlackElo "2173"]
[Annotator "TA"]
[PlyCount "83"]
[EventDate "2020.05.18"]
[EventType "swiss (blitz)"]

{[%evp 14,82,-39,-54,-22,-13,-24,-70,-50,-68,-46,-51,-20,-20,-25,-26,-25,-41,-7,-167,-163,-267,-83,-85,-68,-351,-182,-191,-78,-70,-74,-78,-40,-46,15,10,79,64,68,-45,-40,-45,-58,-78,64,-72,-70,-39,-92,-554,39,0,300,0,80,44,370,377,372,373,313,90,90,-220,0,-435,277,28,972,954,29999]} 1. d4 c6 2. c4 d5 3. Nc3 Nf6 4. Nf3 dxc4 5. a4 g6 6. g3 Bg7 7. Bg2 O-O 8. O-O Bg4 {D78: Fianchetto Grünfeld: 6 0-0 c6.} 9. Ne5 Be6 {[#]} 10. Bg5 $146 ({Predecessor:} 10. e4 Nbd7 11. Nf3 a5 12. h3 Nb6 13. Be3 Ne8 14. Qe2 Nd6 15. Rad1 h6 16. g4 {1-0 (28) Matnadze,A (2390)-Muzychuk,A (2563) Tbilisi 2018}) 10... h6 {Black is slightly better.} 11. Be3 Nd5 12. Bd2 Nxc3 (12... Na6 {with more complications.} 13. Qc1 Nf6 14. e3 Nd7 15. f4 Nxe5 16. fxe5 Nb4) 13. bxc3 Nd7 14. Nxd7 Qxd7 15. e4 f5 16. f3 $2 (16. Rb1 $11) 16... fxe4 $19 17. fxe4 {[#]} (17. f4 $142) 17... Kh7 $2 (17... Bxd4+ $1 $19 {[%mdl 512]} 18. cxd4 Qxd4+ 19. Kh1 Rxf1+ 20. Bxf1 Rd8) 18. Qc2 Rad8 {White must now prevent ...Bxd4+!} 19. Rad1 $2 {[%mdl 8192] [#]} (19. Be3 $15) 19... Bg4 (19... Bxd4+ $142 $1 {[%mdl 512]} 20. Kh1 (20. cxd4 Qxd4+) 20... Rxf1+ 21. Rxf1 Bg7) 20. Rde1 h5 (20... Rxf1+ $19 21. Bxf1 e5) 21. Bg5 $17 b5 22. e5 Bf5 23. Be4 $1 {[%cal Re4f5]} a6 (23... Bxe4 $15 24. Qxe4 bxa4) 24. Bxf5 $11 Rxf5 (24... gxf5 $11 25. Rf2 c5) 25. Rxf5 $16 gxf5 26. Rf1 (26. e6 $14 Bxd4+ 27. cxd4 Qxd4+ 28. Be3) 26... Rf8 $15 27. Qe2 Kg6 28. Qe3 Qd5 (28... e6 $17) 29. h4 (29. Bxe7 $14 {stays ahead.} Bh6 30. Qe2) 29... Qe4 $17 30. Qxe4 fxe4 31. Bxe7 $2 $15 {[%mdl 12288] Endgame KRB-KRB} (31. axb5 $17 Rxf1+ 32. Kxf1 cxb5 33. Bxe7) 31... Re8 $2 ({Better is} 31... Rxf1+ $1 $19 32. Kxf1 bxa4) 32. Bb4 Bh6 $2 {[%mdl 8192]} (32... a5 $11 {and Black is okay.} 33. Bc5 bxa4) 33. Ra1 $2 ({White should play} 33. Rf6+ $18 Kg7 34. Rxc6) 33... Be3+ (33... Bf8 $11 {remains equal.}) 34. Kg2 Rb8 $2 {[%mdl 8192]} (34... a5 $14 35. Bxa5 Ra8 36. axb5 cxb5) 35. axb5 $18 axb5 36. Ra6 Rc8 37. Rb6 $2 (37. e6 $18 {is more deadly.}) 37... Kf5 $16 38. Bd6 $2 {[%mdl 8192] [#]} (38. Rb7 $1 $16 {stays on course.}) 38... Bd2 $2 (38... Ra8 $1 $19 39. Rxc6 Ra2+ 40. Kf1 Bd2) 39. Rb7 $2 {[%mdl 8192]} (39. Bb4 $11) 39... b4 $4 {[%mdl 8192]} (39... Bxc3 $19 40. Bc5 {[#]} b4 $1 {[%mdl 512]}) 40. Rf7+ $2 ({White has to play} 40. Bxb4 $18 {aiming for Kf2.} c5 41. Bxc5 Bxc3 42. Rf7+ Kg6 43. Rf6+ Kg7 44. Rf2) 40... Kg4 $2 {[%mdl 8192]} (40... Kg6 $11 41. Rf6+ Kh7) 41. Bxb4 $18 e3 42. Rf4# {Accuracy: White = 37%, Black = 24%.} 1-0

[Event "Moniek_Janssen's Schweizer System"]
[Site "T#646157Emanuel Laske"]
[Date "2020.05.18"]
[Round "8"]
[White "Lazieri3"]
[Black "SecantFX"]
[Result "1/2-1/2"]
[WhiteElo "2083"]
[BlackElo "1861"]
[Annotator "TA"]
[PlyCount "138"]
[EventDate "2020.05.18"]
[EventType "swiss (blitz)"]

{[%evp 9,138,-44,-33,-29,14,22,46,0,-1,-31,-15,-20,55,45,43,47,79,-10,121,-43,-36,-45,-38,-248,68,72,275,248,242,269,252,226,316,251,343,358,515,128,118,127,147,57,259,274,262,256,246,246,279,250,236,238,250,242,273,280,239,112,167,138,360,322,695,663,462,8,379,-4602,0,-29964,-29965,-29970,-29971,-29972,-29972,-29972,0,0,0,0,-8,-8,29979,29975,29980,29976,29976,29976,29976,29977,29977,29977,29976,29978,29977,29979,29976,29980,29980,29981,29983,29984,29984,0,29985,0,0,0,29985,29986,29986,29987,29989,29990,29990,29991,29991,29992,29992,29993,29993,29994,29995,29993,29993,29992,29992,29993,29993,29993,29993]} 1. e4 d5 2. Nc3 d4 3. Nce2 c5 4. d3 e5 5. g3 Bd6 6. Bg2 {[#] A00: Irregular Openings.} f5 $146 ({Predecessor:} 6... Nc6 7. Nf3 f6 8. O-O Be6 9. c3 Qd7 10. Bd2 Nge7 11. Qc2 Bh3 12. Qd1 Ng6 {½-½ (49) Wraga,H (1679)-Scholz,H (1834) Neustadt 2017}) 7. exf5 Nf6 8. f4 {White is slightly better.} Nc6 9. fxe5 Nxe5 10. Nf3 O-O (10... Nxf3+ $11 11. Bxf3 O-O) 11. Nxe5 Bxe5 12. O-O Qc7 13. Bf4 (13. c3 $16) 13... Ng4 (13... Bxf5 $11 {keeps the balance.} 14. c3 dxc3 15. bxc3 Rae8) 14. Bxe5 $2 (14. Nxd4 $1 $16 {Hoping for Nb5.} Bxf4 15. Rxf4) 14... Qxe5 $15 15. Qd2 Ne3 16. Be4 $2 ({White should play} 16. Rfe1 $15) 16... g6 $2 (16... Bxf5 17. Rxf5 Nxf5 18. Re1) (16... Nxf1 $19 17. Rxf1 Bxf5 18. Bxb7 Rab8) 17. fxg6 $14 hxg6 $2 (17... Nxf1 $16 18. Qh6 (18. Rxf1 Rxf1+ 19. Kxf1 hxg6 $11) 18... hxg6) 18. Rxf8+ $18 Kxf8 19. Bxg6 Kg7 20. Be4 Bh3 21. Nf4 (21. Bxb7 Rb8 $16) 21... Bg4 22. Re1 Rf8 (22... Bf5 {was worth a try.} 23. Nd5 Bg6 24. Nxe3 dxe3 25. Qxe3 Re8) 23. Rxe3 $2 (23. Ng6 $18 Qf6 24. Nxf8 Kxf8 25. Bxb7) 23... dxe3 $16 24. Qxe3 b6 25. Kg2 ({White should try} 25. c3 $16) 25... Qd4 $2 (25... Qxb2 $14 26. Qd2 Qe5) 26. Qxd4+ $18 cxd4 {[%mdl 4096] Endgame KRB-KBN} 27. h3 $1 {[%cal Rh3g4]} Bd7 {intending ...Rc8.} 28. Ne2 $1 Rd8 29. Nxd4 Bxh3+ 30. Kxh3 {aiming for Ne6+.} Rxd4 {KR-KB} 31. Kg4 $1 Kf6 32. Kf4 $1 Rd6 33. Ke3 (33. a3 $18 {is more deadly.}) 33... Re6 (33... Kg5 $16 {is a better defense.} 34. c4 Rh6) 34. c4 Kg5 $2 (34... Ke7 $16 35. Kf3 Rf6+ 36. Kg2 Kd6) 35. Kd4 Kg4 $2 (35... Re8 36. b4 Kf6) 36. Kd5 Re8 37. d4 $2 (37. b4 $18) 37... Kxg3 $2 {[%mdl 8192]} (37... Rd8+ $11 {and Black is okay.} 38. Ke5 Re8+ 39. Kd5 Rd8+ 40. Ke5 Re8+ 41. Kd5) 38. Kc6 $4 {[%mdl 8192]} (38. Bg6 $18 Rh8 39. c5 bxc5 40. dxc5) 38... Kf4 $2 (38... Rxe4 $19 39. c5 Kf4) 39. d5 $2 {[%mdl 8192]} (39. Bc2 $11) 39... Rxe4 40. d6 Rxc4+ {KR-K3P} 41. Kb7 Rd4 42. Kc7 b5 $2 (42... Ke3 43. d7 Kd3 44. d8=Q Rxd8 45. Kxd8 Kc2 46. b4 Kb2 47. Kc8 Kxa2 48. b5 Kb3 49. Kb8 Kc4 50. Kc8 Kxb5 51. Kc7 Kc5 52. Kd7 a5 53. Ke8 a4 54. Kd8 Kd6 55. Ke8 Ke6 56. Kf8 a3 57. Ke8 a2 58. Kd8 a1=Q 59. Kc7 Qc3+ 60. Kb8 Qg7 61. Ka8 Kd6 62. Kb8 Kc6 63. Kc8 Qh8#) 43. d7 $11 b4 44. d8=Q Rxd8 45. Kxd8 {KPP-KPP} a5 $2 {[%mdl 8192]} (45... Ke4 $11 46. Kc7 Kd3) 46. Kc7 Ke3 47. Kb6 a4 48. Kb5 b3 {[#]} 49. axb3 $1 ({Not} 49. a3 $2 Kd2 $19) 49... axb3 {KP-KP} 50. Kb4 Kd4 51. Kxb3 {KP-K} Kc5 {[#]} 52. Ka4 $1 Kb6 53. Kb4 Ka6 54. Kc5 Ka5 55. b4+ Ka6 56. Kc6 Ka7 57. Kc7 $2 (57. b5 {mates} Kb8 58. Kb6 Kc8 59. Ka7 Kc7 60. b6+ Kd7 61. b7 Ke6 62. b8=Q) 57... Ka6 58. Kc6 $2 {[%mdl 8192]} (58. Kd7 $11 Kb7 59. Ke8) 58... Ka7 59. b5 {White mates.} Kb8 60. Kb6 Ka8 61. Kc7 Ka7 62. b6+ Ka6 63. b7 Kb5 64. b8=Q+ Kc5 65. Qb6+ Kd5 66. Qc6+ Kd4 67. Qd6+ Ke4 68. Kd7 Kf3 69. Kc6 Kg4 {[%mdl 32768] What a bad dream for Black. Accuracy: White = 54%, Black = 37%. . An unexpected result.} 1/2-1/2

[Event "Moniek_Janssen's Schweizer System"]
[Site "T#646157Emanuel Laske"]
[Date "2020.05.18"]
[Round "8"]
[White "Don59as"]
[Black "Weltszmerc"]
[Result "0-1"]
[WhiteElo "2075"]
[BlackElo "2105"]
[Annotator "NA RC"]
[PlyCount "90"]
[EventDate "2020.05.18"]
[EventType "swiss (blitz)"]

1. c4 {[%emt 0:00:01]} Nf6 {[%emt 0:00:00]} 2. Nc3 {[%emt 0:00:01]} b6 {[%emt 0:00:00]} 3. e4 {[%emt 0:00:01]} Bb7 {[%emt 0:00:00]} 4. d3 {[%emt 0:00:01]} e6 {[%emt 0:00:01]} 5. g3 {[%emt 0:00:01]} d5 {[%emt 0:00:01]} 6. exd5 {[%emt 0:00:01]} exd5 {[%emt 0:00:00]} 7. Bg2 {[%emt 0:00:01]} c6 {[%emt 0:00:01]} 8. cxd5 {[%emt 0:00:02]} Nxd5 {[%emt 0:00:01]} 9. Nxd5 {[%emt 0:00:01]} cxd5 {[%emt 0:00:01]} 10. Ne2 {[%emt 0:00:01]} Bb4+ {[%emt 0:00:01]} 11. Bd2 {[%emt 0:00:01]} Bxd2+ {[%emt 0:00:01]} 12. Qxd2 {[%emt 0:00:00]} O-O {[%emt 0:00:01]} 13. O-O {[%emt 0:00:00]} Nd7 {[%emt 0:00:01]} 14. Nf4 {[%emt 0:00:01]} Nf6 {[%emt 0:00:01]} 15. d4 {[%emt 0:00:02]} Ne4 {[%emt 0:00:01]} 16. Qe3 {[%emt 0:00:02]} Re8 {[%emt 0:00:01]} 17. Rfe1 {[%emt 0:00:03]} h6 {[%emt 0:00:03]} 18. Qd3 {[%emt 0:00:05]} Qd6 {[%emt 0:00:01]} 19. a3 {[%emt 0:00:02]} Rac8 {[%emt 0:00:02]} 20. h4 {[%emt 0:00:02]} Nf6 {[%emt 0:00:02]} 21. Rac1 {[%emt 0:00:04]} Rxc1 {[%emt 0:00:02]} 22. Rxc1 {[%emt 0:00:02]} Qe7 {[%emt 0:00:01]} 23. Bf3 {[%emt 0:00:03]} Ne4 {[%emt 0:00:01]} 24. Re1 {[%emt 0:00:02]} Qd6 {[%emt 0:00:01]} 25. Bg2 {[%emt 0:00:02]} Nf6 {[%emt 0:00:02]} 26. Rxe8+ {[%emt 0:00:02]} Nxe8 {[%emt 0:00:00]} 27. Qf5 {[%emt 0:00:01]} Nf6 {[%emt 0:00:01]} 28. Nd3 {[%emt 0:00:01]} Qe6 {[%emt 0:00:02]} 29. Qxe6 {[%emt 0:00:03]} fxe6 {[%emt 0:00:00]} 30. Ne5 {[%emt 0:00:01]} Kf8 {[%emt 0:00:01]} 31. Bh3 {[%emt 0:00:01]} Ke7 {[%emt 0:00:01]} 32. Ng6+ {[%emt 0:00:01]} Kd6 {[%emt 0:00:01]} 33. Nf8 {[%emt 0:00:01]} Bc8 {[%emt 0:00:02]} 34. Ng6 {[%emt 0:00:01]} Bd7 {[%emt 0:00:02]} 35. Ne5 {[%emt 0:00:01]} Be8 {[%emt 0:00:01]} 36. f3 {[%emt 0:00:01]} Nd7 {[%emt 0:00:01]} 37. Kf2 {[%emt 0:00:01]} Nxe5 {[%emt 0:00:01]} 38. dxe5+ {[%emt 0:00:00]} Kxe5 {[%emt 0:00:00]} 39. Ke3 {[%emt 0:00:00]} d4+ {[%emt 0:00:01]} 40. Kd2 {[%emt 0:00:01]} Bb5 {[%emt 0:00:01]} 41. f4+ {[%emt 0:00:02]} Kd6 {[%emt 0:00:01]} 42. b3 {[%emt 0:00:02]} e5 {[%emt 0:00:01]} 43. a4 {[%emt 0:00:00]} Bc6 {[%emt 0:00:03]} 44. fxe5+ {[%emt 0:00:00]} Kxe5 {[%emt 0:00:01]} 45. Kd3 {[%emt 0:00:01]} Bd5 {[%emt 0:00:00] Time (Lag: Av=0.80s, max=1.2s)} 0-1

[Event "Moniek_Janssen's Schweizer System"]
[Site "T#646157Emanuel Laske"]
[Date "2020.05.18"]
[Round "8"]
[White "Trotsky"]
[Black "Mepe_Nika"]
[Result "0-1"]
[WhiteElo "1565"]
[BlackElo "2326"]
[Annotator "TA"]
[PlyCount "60"]
[EventDate "2020.05.18"]
[EventType "swiss (blitz)"]

{[%evp 9,60,31,58,-9,-15,2,3,-12,47,-183,-188,-189,-192,-215,-206,-408,-399,-425,-436,-697,-693,-798,-791,-814,-800,-769,-747,-1344,-1004,-1100,-1044,-1502,-1493,-1431,-1403,-1384,-1377,-1523,-1508,-1548,-1527,-1610,-1592,-1581,-1576,-1884,-1499,-5739,-5756,-29985,-5710,-5431,-5327]} 1. d4 d5 2. e3 Nf6 3. c4 c6 4. Nc3 Bg4 5. f3 Bf5 6. c5 {D10: Slav Defence: 3 cxd5 (without early Nf3) and 3 Nc3.} (6. g4 $14 Bc8 7. g5) 6... Nbd7 {[#]} 7. g4 $146 ({Predecessor:} 7. Nge2 e5 8. Ng3 Bg6 9. h4 h5 10. Be2 Be7 11. e4 exd4 12. Qxd4 Bxc5 13. Qd3 dxe4 14. Ncxe4 Nxe4 15. Nxe4 {0-1 (41) Grozdanov,E-Georgiev,N (1588) Sofia 2017}) 7... Bg6 8. h4 {[#] aiming for h5.The position is equal.} h5 ({Better is} 8... h6 $1 $11) 9. Bd3 $2 {This move loses the game for White.} (9. g5 $14 {is the one way to stay ahead.}) 9... Bxd3 $19 10. Qxd3 hxg4 11. Bd2 e5 {Strongly threatening ...gxf3.} 12. O-O-O $2 (12. Qe2) 12... gxf3 13. Nxf3 e4 14. Nxe4 (14. Qc2 $142 exf3 15. e4) 14... dxe4 15. Qc2 exf3 16. e4 Be7 17. e5 Nd5 18. Bg5 Nf8 19. Qf5 Ne6 {[%cal Re7g5]} 20. Qxf3 Bxg5+ 21. Kb1 Bh6 22. h5 Qg5 23. Rhg1 Qe3 24. Qg4 O-O-O 25. Rge1 Qg5 26. Qf3 Qf4 27. Qa3 Kb8 28. Ka1 Nxd4 29. Rc1 Qxc1+ (29... Qf2 $142 30. b4 Bxc1 {[%mdl 64] Discovered Attack} 31. Rxc1 Nc2+ 32. Rxc2 Qxc2 33. Qb2 Qd1+ 34. Qb1 Qd2 35. a3 Rxh5 36. b5 {[#]} Nc3 $1 {[%mdl 512]} 37. b6 Rh1 38. bxa7+ Kxa7 39. Qxh1 Qa2#) 30. Rxc1 Bxc1 {Accuracy: White = 18%, Black = 85%.} 0-1

[Event "Moniek_Janssen's Schweizer System"]
[Site "T#646157Emanuel Laske"]
[Date "2020.05.18"]
[Round "8"]
[White "UHU4"]
[Black "Lamborghini"]
[Result "0-1"]
[WhiteElo "1499"]
[BlackElo "2305"]
[Annotator "TA"]
[PlyCount "52"]
[EventDate "2020.05.18"]
[EventType "swiss (blitz)"]

{[%evp 9,52,35,45,10,25,10,10,4,1,-9,3,-25,-20,-22,-11,-35,-38,-53,-18,-87,-60,-76,-68,-151,-131,-121,-120,-113,-138,-208,-223,-344,-150,-324,-105,-111,-84,-111,-34,-77,-10,-16,-3,-39,-29]} 1. e4 c5 2. d4 cxd4 3. c3 d3 4. Bxd3 g6 5. Nf3 Bg7 6. Be3 {B21: Sicilian: 2 f4 and Morra Gambit.} d6 {[#]} 7. Bd4 $146 ({Predecessor:} 7. Nbd2 Nf6 8. h3 Nc6 9. Bb5 a6 10. Qa4 Bd7 11. Bxc6 Bxc6 12. Qc2 O-O 13. O-O {½-½ (33) Franco,M (1724)-Velasquez,J (1401) Bogota 2017}) 7... Nf6 8. O-O {The position is equal.} Nc6 9. Nbd2 O-O 10. Rb1 Nxd4 (10... e5 $5 11. Be3 $8 Be6 $11) 11. cxd4 Bd7 12. Nb3 Qb6 13. Rc1 a5 {[%cal Ba7a5,Ba5a4][%mdl 32]} 14. e5 {[#]} (14. Nbd2 $11) 14... Nd5 $1 $17 15. exd6 exd6 16. Bc4 (16. Nbd2 $15) 16... Bc6 17. Re1 a4 18. Nbd2 Qxb2 19. Bxd5 (19. Rb1 $17 {might work better.} Qc3 20. Rc1) 19... Bxd5 $19 20. Nc4 (20. Rc2 $142 Qb4 21. Qc1) 20... Qb4 (20... Qxa2 $19 {and Black stays clearly on top.} 21. Nfd2 Bxc4 22. Nxc4 b5) 21. Ne3 $2 {[#]} (21. a3 $17 {was worth a try.} Qb3 22. Nfd2 Qxd1 23. Rexd1) 21... Bxf3 $2 (21... Bxa2 $19 {has better winning chances. White must now prevent ...a3.} 22. Ra1 Bb3) 22. Qxf3 $17 Qxd4 23. Qxb7 Rad8 ({Black should try} 23... Qd2 $17 24. Qd5 Qxd5 25. Nxd5 Rab8) 24. Qd5 Qf4 (24... Qxd5 $17 25. Nxd5 Rb8) 25. g3 Qf6 26. Ng4 Qb2 {[%mdl 32768] Accuracy: White = 34%, Black = 57%. . Loss on time!?} 0-1

[Event "Moniek_Janssen's Schweizer System"]
[Site "T#646157Emanuel Laske"]
[Date "2020.05.18"]
[Round "9"]
[White "Mepe_Nika"]
[Black "UHU4"]
[Result "1-0"]
[WhiteElo "2326"]
[BlackElo "1498"]
[Annotator "TA"]
[PlyCount "47"]
[EventDate "2020.05.18"]
[EventType "swiss (blitz)"]

{[%evp 9,47,-12,-12,-14,11,11,18,16,14,22,25,21,37,15,20,-22,-17,-24,0,-66,-44,-93,58,46,51,58,60,45,51,38,150,141,158,129,1135,1120,960,849,29997,343]} 1. c4 g6 2. Nc3 Bg7 3. e4 d6 4. h4 Nf6 5. Be2 c5 6. h5 {A10: English Opening: Unusual Replies for Black.} Nc6 7. h6 Bf8 {[#]} 8. Nf3 $146 {The position is equal.} ({Predecessor:} 8. d3 a6 9. Bg5 Qa5 10. Bd2 b5 11. Nxb5 Qb6 12. Nc3 Qxb2 13. Nf3 Bg4 14. Nd5 Nxd5 15. cxd5 Bxf3 16. dxc6 Bxe2 17. Kxe2 {1-0 (20) Kolyaie,H (2154)-Khachatorian,Y (2028) Dubai 2003}) 8... Bg4 9. d3 Bxf3 10. Bxf3 e5 11. Bg5 Be7 12. Bxf6 Bxf6 13. Nd5 Nd4 14. Qd2 (14. Qa4+ $11 b5 15. cxb5) 14... b6 15. Bd1 Ne6 $2 {[#]} (15... Bg5 $17 16. f4 exf4 17. Ba4+ Kf8) 16. Ba4+ $14 Kf8 17. g3 Bg5 18. f4 exf4 19. gxf4 Bf6 ({Black should try} 19... Bh4+ $14 20. Kf1 Rg8) 20. O-O-O $36 {[%mdl 2048] White is on the roll.} Bd4 21. f5 Qg5 $2 {[%mdl 8192]} (21... Nc7 $16) 22. fxe6 $18 Qxd2+ 23. Rxd2 {[#] aiming for Rf1!} fxe6 24. Nc7 $2 {Accuracy: White = 68%, Black = 47%.} (24. Rf1+ {mates} Bf2 25. Rdxf2+ Kg8 26. Ne7#) 1-0

[Event "Moniek_Janssen's Schweizer System"]
[Site "T#646157Emanuel Laske"]
[Date "2020.05.18"]
[Round "9"]
[White "Little champs"]
[Black "Don59as"]
[Result "1-0"]
[WhiteElo "2156"]
[BlackElo "2060"]
[Annotator "NA RC"]
[PlyCount "61"]
[EventDate "2020.05.18"]
[EventType "swiss (blitz)"]

1. Nf3 {[%emt 0:00:02]} d5 {[%emt 0:00:01]} 2. g3 {[%emt 0:00:00]} e6 {[%emt 0:00:00]} 3. Bg2 {[%emt 0:00:00]} Nf6 {[%emt 0:00:00]} 4. O-O {[%emt 0:00:00]} Be7 {[%emt 0:00:00]} 5. d4 {[%emt 0:00:00]} O-O {[%emt 0:00:00]} 6. e3 {[%emt 0:00:00]} Nbd7 {[%emt 0:00:00]} 7. c4 {[%emt 0:00:00]} b6 {[%emt 0:00:01]} 8. Nc3 {[%emt 0:00:00]} dxc4 {[%emt 0:00:01]} 9. Ne5 {[%emt 0:00:01]} Nxe5 {[%emt 0:00:01]} 10. Bxa8 {[%emt 0:00:02]} Ng6 {[%emt 0:00:01]} 11. Bg2 {[%emt 0:00:01]} Nd5 {[%emt 0:00:01]} 12. e4 {[%emt 0:00:00]} Nxc3 {[%emt 0:00:01]} 13. bxc3 {[%emt 0:00:00]} b5 {[%emt 0:00:01]} 14. f4 {[%emt 0:00:01]} a6 {[%emt 0:00:01]} 15. f5 {[%emt 0:00:00]} Nh8 {[%emt 0:00:06]} 16. Qe2 {[%emt 0:00:01]} exf5 {[%emt 0:00:02]} 17. exf5 {[%emt 0:00:01]} Bf6 {[%emt 0:00:01]} 18. Bf4 {[%emt 0:00:02]} Re8 {[%emt 0:00:01]} 19. Be5 {[%emt 0:00:01]} Qe7 {[%emt 0:00:04]} 20. Rae1 {[%emt 0:00:01]} Qa3 {[%emt 0:00:02]} 21. Qf3 {[%emt 0:00:03]} Bxe5 {[%emt 0:00:02]} 22. Rxe5 {[%emt 0:00:01]} Rf8 {[%emt 0:00:04]} 23. f6 {[%emt 0:00:01]} Ng6 {[%emt 0:00:01]} 24. fxg7 {[%emt 0:00:02]} Kxg7 {[%emt 0:00:00]} 25. Qf6+ {[%emt 0:00:03]} Kg8 {[%emt 0:00:01]} 26. Rg5 {[%emt 0:00:01]} Be6 {[%emt 0:00:02]} 27. Be4 {[%emt 0:00:02]} Qxc3 {[%emt 0:00:01]} 28. Bxg6 {[%emt 0:00:01]} hxg6 {[%emt 0:00:01]} 29. Rxg6+ {[%emt 0:00:01]} fxg6 {[%emt 0:00:03]} 30. Qxg6+ {[%emt 0:00:02]} Kh8 {[%emt 0:00:01]} 31. Rxf8+ {[%emt 0:00:01] Don59as resigns (Lag: Av=0.80s, max=2.0s)} 1-0

[Event "Moniek_Janssen's Schweizer System"]
[Site "T#646157Emanuel Laske"]
[Date "2020.05.18"]
[Round "9"]
[White "Lazieri3"]
[Black "Toosieslide"]
[Result "0-1"]
[WhiteElo "2073"]
[BlackElo "2180"]
[Annotator "TA"]
[PlyCount "98"]
[EventDate "2020.05.18"]
[EventType "swiss (blitz)"]

{[%evp 25,98,2,9,4,6,7,12,12,10,0,0,0,0,0,0,0,22,-51,8,6,10,9,32,12,32,0,0,0,18,13,19,4,6,0,0,0,0,0,0,0,0,0,0,0,0,0,0,0,0,0,0,0,0,0,0,0,0,0,0,0,0,0,0,-72,0,-72,0,-80,0,0,0,0,0,0,0]} 1. e4 e5 2. Nc3 Nf6 3. Nf3 Nc6 4. d4 exd4 5. Nxd4 Bb4 6. Nxc6 bxc6 7. Bd3 d5 8. exd5 cxd5 9. O-O O-O 10. Bg5 c6 11. Qf3 Be7 12. h3 h6 13. Bh4 Rb8 14. b3 {C47: Scotch Four Knights and Four Knights with 4 g3.} Rb4 15. Bg3 Bd6 16. Bxd6 Qxd6 {[#]} 17. a3 $146 ({Predecessor:} 17. Rfe1 a5 18. Rad1 Bd7 19. Qe3 Rc8 20. Qa7 Rh4 21. Re3 Qc7 22. Qxc7 Rxc7 23. Na4 c5 24. g4 {½-½ (57) Carlsen,M (2839)-Ding,L (2804) Porto Carras 2018}) 17... Rb8 18. Na4 Be6 19. b4 a5 20. c3 axb4 21. axb4 (21. cxb4 $11 Rfc8 22. Nc5) 21... Ra8 ({Better is} 21... d4 $15) 22. Nc5 Nd7 23. Nxd7 Qxd7 24. Qf4 Qb7 25. Bf5 (25. Ra5 {feels hotter.} Qb8 26. Qxb8 Raxb8 27. Rb1 Rfc8 28. f4) 25... Rxa1 26. Rxa1 Ra8 27. Rxa8+ Qxa8 28. Bxe6 fxe6 $11 {[%mdl 4096] Endgame KQ-KQ} 29. Qd6 Qa1+ 30. Kh2 Qxc3 31. Qxe6+ Kh8 32. Qe8+ Kh7 33. Qd7 Qxb4 34. Qf5+ Kg8 {Threatens to win with ...Qd6+.} 35. Qc8+ Qf8 36. Qxc6 Qd8 37. Qe6+ Kh8 {[#] White must now prevent ...d4.} 38. Qe3 d4 39. Qd3 Qd6+ 40. Kg1 Qc5 41. Kf1 Qc1+ 42. Ke2 Qb2+ 43. Qd2 Qb5+ 44. Kf3 (44. Qd3 $11 Qe5+ 45. Kf3) 44... Qd5+ (44... Qc6+ $17 45. Ke2 Qxg2) 45. Ke2 (45. Kg3 $11 {was the only way to keep the balance.}) 45... Qe4+ (45... Qxg2 $17 46. Qd3 Qh1) 46. Kd1 (46. Kf1 $11 {remains equal.}) 46... d3 (46... Qxg2 $17 47. Qe2 Qg6) 47. f3 {The position is equal.} Qa4+ 48. Ke1 Qa1+ 49. Kf2 Qa7+ {[%mdl 32768] Accuracy: White = 82%, Black = 87%. . Loss on time!?} 0-1